[Event "70. Bulgaria ch 2006"]
[Site "Svilengrad BUL"]
[Date "2006.03.05"]
[Round "7.3"]
[White "Bojkov, Dejan"]
[Black "Galunov, Todor"]
[Result "0-1"]
[WhiteElo "2475"]
[BlackElo "2286"]
[PlyCount "78"]
[EventDate "2006.02.28"]
[EventType "tourn"]
[EventRounds "13"]
[EventCountry "BUL"]
[EventCategory "8"]
[Source "lmi"]
[SourceDate "2006.03.11"]

1. e4 e5 2. Nf3 Nc6 3. Bc4 Bc5 4. O-O Nf6 5. d3 d6 6. c3 O-O 7. Bb3 Ne7 8. d4
Bb6 9. Nbd2 Ng6 10. h3 c6 11. Re1 exd4 12. cxd4 d5 13. e5 Nh5 14. Nf1 Nhf4 15.
Bc2 f6 16. Be3 fxe5 17. Bxg6 Nxg6 18. Nxe5 Nxe5 19. dxe5 Qh4 20. Qd2 Be6 21.
Nh2 d4 22. Bg5 Qh5 23. a4 Rf5 24. h4 d3 25. Be3 Qxh4 26. Nf3 Rxf3 27. Bxb6 Rf5
28. Bc5 Rh5 29. f3 Qh2+ 30. Kf2 Qh4+ 31. Kf1 b6 32. Bf2 Qh1+ 33. Bg1 Rf8 34.
Qxd3 Rg5 35. Re2 Bh3 36. Qc4+ Kh8 37. Qd4 Rxg2 38. Rxg2 Qxg2+ 39. Ke1 Qf1+ 0-1

[Event "70. Bulgaria ch 2006"]
[Site "Svilengrad BUL"]
[Date "2006.03.05"]
[Round "7.5"]
[White "Nikolov, Momchil"]
[Black "Karakehajov, Kalin"]
[Result "1/2-1/2"]
[WhiteElo "2446"]
[BlackElo "2429"]
[PlyCount "41"]
[EventDate "2006.02.28"]
[EventType "tourn"]
[EventRounds "13"]
[EventCountry "BUL"]
[EventCategory "8"]
[Source "lmi"]
[SourceDate "2006.03.11"]

1. d4 d5 2. c4 e6 3. Nc3 c6 4. e4 dxe4 5. Nxe4 Bb4+ 6. Bd2 Qxd4 7. Bxb4 Qxe4+
8. Ne2 Na6 9. Bf8 Ne7 10. Bxg7 Nb4 11. Bxh8 e5 12. Qd6 Nc2+ 13. Kd2 Bf5 14. Rd1
Rd8 15. Qxd8+ Kxd8 16. Kc1+ Nd4 17. Nxd4 Qb1+ 18. Kd2 Qxb2+ 19. Ke1 Qc3+ 20.
Rd2 Qc1+ 21. Ke2 1/2-1/2

[Event "70. Bulgaria ch 2006"]
[Site "Svilengrad BUL"]
[Date "2006.03.05"]
[Round "7.6"]
[White "Rusev, Krasimir"]
[Black "Grigorov, Grigor"]
[Result "1/2-1/2"]
[WhiteElo "2409"]
[BlackElo "2405"]
[PlyCount "41"]
[EventDate "2006.02.28"]
[EventType "tourn"]
[EventRounds "13"]
[EventCountry "BUL"]
[EventCategory "8"]
[Source "lmi"]
[SourceDate "2006.03.11"]

1. d4 d5 2. c4 e6 3. Nc3 c6 4. Nf3 dxc4 5. a4 Bb4 6. e3 b5 7. Bd2 Bb7 8. axb5
Bxc3 9. Bxc3 cxb5 10. b3 a5 11. bxc4 b4 12. Bb2 Nf6 13. Bd3 O-O 14. O-O Nbd7
15. Re1 Ne4 16. Qc2 f5 17. c5 Bc6 18. Bc4 Qe8 19. Bb3 Ndf6 20. Ba4 Bxa4 21.
Rxa4 1/2-1/2

[Event "70. Bulgaria ch 2006"]
[Site "Svilengrad BUL"]
[Date "2006.03.06"]
[Round "8.1"]
[White "Karakehajov, Kalin"]
[Black "Rusev, Krasimir"]
[Result "1/2-1/2"]
[WhiteElo "2429"]
[BlackElo "2409"]
[PlyCount "43"]
[EventDate "2006.02.28"]
[EventType "tourn"]
[EventRounds "13"]
[EventCountry "BUL"]
[EventCategory "8"]
[Source "lmi"]
[SourceDate "2006.03.11"]

1. e4 e5 2. Nf3 Nf6 3. Nxe5 d6 4. Nf3 Nxe4 5. Nc3 Nxc3 6. dxc3 Be7 7. Bd3 O-O
8. Bf4 Nc6 9. Qd2 Bg4 10. O-O-O Bxf3 11. gxf3 Ne5 12. Be4 c6 13. Bxe5 dxe5 14.
Qxd8 Raxd8 15. Rxd8 Rxd8 16. Bd3 g6 17. Kd2 f5 18. Ke2 Kf7 19. Bc4+ Kf6 20. Rd1
Rxd1 21. Kxd1 Kg5 22. Ke2 1/2-1/2

[Event "70. Bulgaria ch 2006"]
[Site "Svilengrad BUL"]
[Date "2006.03.06"]
[Round "8.6"]
[White "Iotov, Valentin"]
[Black "Dimitrov, Vladimir"]
[Result "1/2-1/2"]
[WhiteElo "2420"]
[BlackElo "2449"]
[PlyCount "35"]
[EventDate "2006.02.28"]
[EventType "tourn"]
[EventRounds "13"]
[EventCountry "BUL"]
[EventCategory "8"]
[Source "lmi"]
[SourceDate "2006.03.11"]

1. e4 e5 2. Nf3 Nc6 3. Bb5 a6 4. Ba4 Nf6 5. O-O Be7 6. Re1 b5 7. Bb3 d6 8. c3
O-O 9. h3 Na5 10. Bc2 c5 11. d4 Qc7 12. d5 Bd7 13. Nbd2 c4 14. Re3 Nb7 15. b3
cxb3 16. axb3 a5 17. Nf1 Rfc8 18. Bb2 1/2-1/2

[Event "70. Bulgaria ch 2006"]
[Site "Svilengrad BUL"]
[Date "2006.03.07"]
[Round "9.2"]
[White "Bojkov, Dejan"]
[Black "Panbukchian, Valentin"]
[Result "1-0"]
[WhiteElo "2475"]
[BlackElo "2312"]
[PlyCount "81"]
[EventDate "2006.02.28"]
[EventType "tourn"]
[EventRounds "13"]
[EventCountry "BUL"]
[EventCategory "8"]
[Source "lmi"]
[SourceDate "2006.03.11"]

1. e4 d5 2. exd5 Qxd5 3. d4 Nc6 4. Nf3 e5 5. Nc3 Bb4 6. Bd2 Bxc3 7. Bxc3 e4 8.
Ne5 Nxe5 9. dxe5 Ne7 10. Qh5 Bf5 11. Qg5 Bg6 12. Qh4 h6 13. Be2 Nf5 14. Qf4 O-O
15. O-O c5 16. Rfd1 Nd4 17. Bf1 Rfe8 18. Rd2 Rac8 19. b4 b6 20. bxc5 bxc5 21.
Ba6 Rb8 22. Qe3 Red8 23. Qg3 Qe6 24. Bf1 Nf5 25. Qf4 Nd4 26. a4 e3 27. fxe3
Nxc2 28. Bc4 Qf5 29. Rxd8+ Rxd8 30. Rc1 Nb4 31. g4 Qd7 32. e6 fxe6 33. Qe5 Nd5
34. Rd1 Rf8 35. e4 Rf7 36. Bb5 Qe7 37. exd5 Qh4 38. Qg3 Qg5 39. h4 Qf4 40. Qxf4
Rxf4 41. d6 1-0

[Event "70. Bulgaria ch 2006"]
[Site "Svilengrad BUL"]
[Date "2006.03.07"]
[Round "9.4"]
[White "Nikolov, Momchil"]
[Black "Galunov, Todor"]
[Result "1-0"]
[WhiteElo "2446"]
[BlackElo "2286"]
[PlyCount "69"]
[EventDate "2006.02.28"]
[EventType "tourn"]
[EventRounds "13"]
[EventCountry "BUL"]
[EventCategory "8"]
[Source "lmi"]
[SourceDate "2006.03.11"]

1. e4 e5 2. Nf3 Nc6 3. Bb5 Nf6 4. O-O Bc5 5. c3 O-O 6. d4 Bb6 7. Bg5 d6 8. Qd3
Qe7 9. Nbd2 Nd8 10. d5 c6 11. Bc4 h6 12. Bh4 Re8 13. Rad1 g5 14. Nxg5 cxd5 15.
exd5 hxg5 16. Bxg5 e4 17. Nxe4 Qxe4 18. Bxf6 Bg4 19. Qg3 Qg6 20. Qh4 Qh5 21.
Qxh5 Bxh5 22. Rde1 Rxe1 23. Rxe1 Kh7 24. g4 Bg6 25. Re8 Bc2 26. h4 Kg6 27. g5
Rb8 28. Rh8 Bc7 29. h5+ Kf5 30. h6 Kg6 31. h7 b5 32. Be2 a5 33. Rg8+ Kxh7 34.
Rg7+ Kh8 35. Rg6+ 1-0

[Event "70. Bulgaria ch 2006"]
[Site "Svilengrad BUL"]
[Date "2006.03.07"]
[Round "10.4"]
[White "Panbukchian, Valentin"]
[Black "Vasilev, Milen"]
[Result "1-0"]
[WhiteElo "2312"]
[BlackElo "2451"]
[PlyCount "113"]
[EventDate "2006.02.28"]
[EventType "tourn"]
[EventRounds "13"]
[EventCountry "BUL"]
[EventCategory "8"]
[Source "lmi"]
[SourceDate "2006.03.11"]

1. e4 c5 2. Nf3 d6 3. d4 cxd4 4. Nxd4 Nf6 5. Nc3 g6 6. Be2 Bg7 7. O-O O-O 8.
Bg5 Nc6 9. Nb3 a5 10. a4 Be6 11. f4 Bxb3 12. cxb3 Nd7 13. Bc4 Nb6 14. Bd3 Rc8
15. Kh1 d5 16. e5 d4 17. Nb5 Nd5 18. Qf3 Qd7 19. Rfe1 Rfd8 20. Bh4 Ncb4 21. Be4
Ne3 22. Re2 Nbc2 23. Rg1 b6 24. Rd2 Qe6 25. h3 Bf8 26. Bxc2 Nxc2 27. Bf2 d3 28.
Rxd3 Rxd3 29. Qxd3 Nb4 30. Qf3 Bh6 31. Rd1 Qf5 32. Be3 Qe6 33. Qb7 Rf8 34. Nd4
Qd5 35. Qxb6 Nc2 36. Bg1 Nxd4 37. Rxd4 Qa8 38. Be3 Rc8 39. Bd2 Kg7 40. Qxa5 Qb7
41. Qd5 Qa6 42. Rc4 Rb8 43. Qd3 Qa7 44. Qf3 Rd8 45. Bc3 e6 46. Kh2 Kg8 47. a5
Bf8 48. b4 Rd5 49. Be1 h5 50. Rc8 Qa6 51. Rc7 Qb5 52. Rc8 Qa6 53. Rc2 Bh6 54.
Bh4 Rd4 55. Bg5 Bxg5 56. fxg5 Rxb4 57. Rc7 1-0

[Event "70. Bulgaria ch 2006"]
[Site "Svilengrad BUL"]
[Date "2006.03.07"]
[Round "10.6"]
[White "Dimitrov, Vladimir"]
[Black "Janev, Evgeni"]
[Result "1/2-1/2"]
[WhiteElo "2449"]
[BlackElo "2494"]
[PlyCount "21"]
[EventDate "2006.02.28"]
[EventType "tourn"]
[EventRounds "13"]
[EventCountry "BUL"]
[EventCategory "8"]
[Source "lmi"]
[SourceDate "2006.03.11"]

1. e4 c5 2. Nf3 Nc6 3. d4 cxd4 4. Nxd4 e5 5. Nb5 d6 6. N1c3 a6 7. Na3 Nf6 8.
Bg5 b5 9. Nd5 Be7 10. Bxf6 gxf6 11. c3 1/2-1/2

[Event "70. Bulgaria ch 2006"]
[Site "Svilengrad BUL"]
[Date "2006.03.08"]
[Round "11.3"]
[White "Nikolov, Momchil"]
[Black "Panbukchian, Valentin"]
[Result "1-0"]
[WhiteElo "2446"]
[BlackElo "2312"]
[PlyCount "154"]
[EventDate "2006.02.28"]
[EventType "tourn"]
[EventRounds "13"]
[EventCountry "BUL"]
[EventCategory "8"]
[Source "lmi"]
[SourceDate "2006.03.11"]

1. d4 d5 2. Nf3 a6 3. Bf4 e6 4. e3 Nf6 5. Bd3 c5 6. c3 Nc6 7. O-O Bd6 8. Bg3
Qe7 9. Nbd2 Bxg3 10. hxg3 e5 11. e4 cxd4 12. cxd4 O-O 13. exd5 Nxd4 14. Nxd4
exd4 15. Nb3 Bg4 16. Qe1 Qd6 17. f3 Bd7 18. Qf2 Rad8 19. Nxd4 Qxd5 20. Rfd1 g6
21. Bc2 Qg5 22. Bb3 Rfe8 23. Ne2 Bc6 24. Nf4 Kg7 25. Rxd8 Rxd8 26. Re1 Rd7 27.
Kh2 Qa5 28. Kg1 g5 29. Nh3 h6 30. g4 Bd5 31. Bxd5 Rxd5 32. a3 Rd2 33. b4 Qd8
34. Qc5 Rd5 35. Qe7 Qb6+ 36. Qe3 Qxe3+ 37. Rxe3 Rd1+ 38. Kf2 Nd5 39. Re2 b5 40.
Ra2 Rc1 41. Rd2 Nc7 42. Rd3 Ra1 43. f4 Ne6 44. f5 Nf8 45. Ke3 Nh7 46. Nf2 Nf6
47. Kf3 Ra2 48. Nd1 h5 49. gxh5 Nxh5 50. Ne3 Nf4 51. Rc3 Ne2 52. Rd3 Nf4 53.
Rc3 Kf8 54. f6 Ke8 55. g3 Ne6 56. Nf5 Kd7 57. Rd3+ Kc7 58. Nd6 Nd8 59. Ne4 Ne6
60. Kg4 Re2 61. Nxg5 Nd8 62. Kf3 Re5 63. Kf4 Re1 64. g4 Rf1+ 65. Rf3 Re1 66.
Rc3+ Kd7 67. Rd3+ Kc7 68. Rxd8 Kxd8 69. Nxf7+ Kd7 70. Kf5 Ra1 71. Ne5+ Kd6 72.
Nf7+ Kd5 73. g5 Rxa3 74. g6 Rf3+ 75. Kg5 Rg3+ 76. Kh6 a5 77. Ng5 Rd3 1-0

[Event "70. Bulgaria ch 2006"]
[Site "Svilengrad BUL"]
[Date "2006.03.08"]
[Round "11.4"]
[White "Rusev, Krasimir"]
[Black "Petkov, Vladimir"]
[Result "1-0"]
[WhiteElo "2409"]
[BlackElo "2512"]
[PlyCount "49"]
[EventDate "2006.02.28"]
[EventType "tourn"]
[EventRounds "13"]
[EventCountry "BUL"]
[EventCategory "8"]
[Source "lmi"]
[SourceDate "2006.03.11"]

1. c4 Nf6 2. Nc3 e6 3. e4 d5 4. e5 d4 5. exf6 dxc3 6. bxc3 Qxf6 7. Nf3 c5 8.
Bd3 Nc6 9. O-O Bd6 10. Be4 Bd7 11. Rb1 b6 12. d4 h6 13. Ba3 Qe7 14. Bc2 O-O 15.
Qd3 g6 16. dxc5 Bxc5 17. Bxc5 bxc5 18. Rb7 Rad8 19. Qe4 Qe8 20. Qe3 Kg7 21.
Rfb1 e5 22. Qxc5 Bg4 23. Nh4 e4 24. Re1 Qe6 25. f3 1-0

[Event "70. Bulgaria ch 2006"]
[Site "Svilengrad BUL"]
[Date "2006.03.09"]
[Round "12.3"]
[White "Panbukchian, Valentin"]
[Black "Rusev, Krasimir"]
[Result "0-1"]
[WhiteElo "2312"]
[BlackElo "2409"]
[PlyCount "135"]
[EventDate "2006.02.28"]
[EventType "tourn"]
[EventRounds "13"]
[EventCountry "BUL"]
[EventCategory "8"]
[Source "lmi"]
[SourceDate "2006.03.11"]

1. e4 c5 2. Nf3 d6 3. d4 Nf6 4. Nc3 cxd4 5. Nxd4 Nc6 6. Bc4 e6 7. Be3 a6 8. Qe2
Na5 9. Bd3 b5 10. b4 Nc4 11. Bxc4 bxc4 12. Qxc4 Bb7 13. O-O Rc8 14. Qd3 d5 15.
e5 Nd7 16. Bf4 Bxb4 17. Nce2 Be7 18. Qg3 g6 19. Rab1 Nc5 20. Bh6 Qc7 21. Qe3
Bc6 22. Nf4 Bd7 23. Rfe1 Ne4 24. f3 Nc3 25. Rb3 Ba4 26. Nfxe6 fxe6 27. Nxe6 Qc4
28. Rb7 Bd7 29. Ng7+ Kd8 30. Kh1 d4 31. Qd2 Qd5 32. Rb6 Kc7 33. Rb3 Bc6 34. Bf4
Rhg8 35. e6+ Bd6 36. Bxd6+ Qxd6 37. Qh6 Bd5 38. e7 Rce8 39. Nxe8+ Rxe8 40.
Rxc3+ dxc3 41. Qe3 Qc6 42. a3 Kd7 43. h3 Be6 44. Qd4+ Kc8 45. Qg7 Qd6 46. Qxh7
Rxe7 47. Qxg6 Kd7 48. Rb1 Bd5 49. Qg4+ Ke8 50. Rd1 Qe5 51. h4 Kf7 52. Qd4 Qxd4
53. Rxd4 Ba2 54. Rd3 Rc7 55. Rd1 Bc4 56. Kh2 Bb5 57. Rd4 Re7 58. a4 Bf1 59. Kg1
Re1 60. Kf2 Rc1 61. h5 Bb5 62. Ke3 Rxc2 63. axb5 axb5 64. g4 Rh2 65. Rd7+ Kg8
66. Rc7 b4 67. Rc4 c2 68. Rc7 0-1

[Event "70. Bulgaria ch 2006"]
[Site "Svilengrad BUL"]
[Date "2006.03.09"]
[Round "12.4"]
[White "Iotov, Valentin"]
[Black "Nikolov, Momchil"]
[Result "1/2-1/2"]
[WhiteElo "2420"]
[BlackElo "2446"]
[PlyCount "46"]
[EventDate "2006.02.28"]
[EventType "tourn"]
[EventRounds "13"]
[EventCountry "BUL"]
[EventCategory "8"]
[Source "lmi"]
[SourceDate "2006.03.11"]

1. d4 Nf6 2. c4 e6 3. Nc3 Bb4 4. e3 O-O 5. Bd3 d5 6. Nf3 c5 7. O-O Nc6 8. a3
Bxc3 9. bxc3 dxc4 10. Bxc4 Qc7 11. Bb2 e5 12. h3 Bf5 13. Qe2 Rad8 14. Rfd1 a6
15. Ba2 Rfe8 16. d5 Ne7 17. Nh4 Bg6 18. c4 Nc8 19. f3 Nd6 20. e4 Nd7 21. a4 Rb8
22. Bc3 b6 23. Bb1 f6 1/2-1/2

[Event "70. Bulgaria ch 2006"]
[Site "Svilengrad BUL"]
[Date "2006.03.10"]
[Round "13.4"]
[White "Grigorov, Grigor"]
[Black "Panbukchian, Valentin"]
[Result "1-0"]
[WhiteElo "2405"]
[BlackElo "2312"]
[PlyCount "162"]
[EventDate "2006.02.28"]
[EventType "tourn"]
[EventRounds "13"]
[EventCountry "BUL"]
[EventCategory "8"]
[Source "lmi"]
[SourceDate "2006.03.11"]

1. d4 f5 2. g3 Nf6 3. Bg2 g6 4. Nf3 Bg7 5. O-O O-O 6. Nbd2 Nc6 7. Re1 d5 8. c4
e6 9. b3 a5 10. Ba3 Re8 11. e3 Ng4 12. Bb2 Qe7 13. a3 Rd8 14. Qc2 g5 15. Bc3
Nh6 16. Rec1 Nf7 17. b4 axb4 18. axb4 Rxa1 19. Rxa1 g4 20. Ne1 Nxb4 21. Qb3 c5
22. Bxb4 cxb4 23. cxd5 e5 24. dxe5 Bxe5 25. Rd1 Qc5 26. Nd3 Qc3 27. Nxb4 Bd7
28. Nd3 Bg7 29. Qxc3 Bxc3 30. Nb3 Nd6 31. Ndc5 Be8 32. h3 Ra8 33. hxg4 b6 34.
Ne6 Ra3 35. Nbd4 fxg4 36. e4 Ra4 37. Nf5 Nc4 38. Nh6+ Kh8 39. Nxg4 b5 40. Nc5
Ra7 41. d6 Nd2 42. Nf6 Bf7 43. d7 Bxf6 44. Rxd2 Ra1+ 45. Kh2 b4 46. e5 Be7 47.
d8=Q+ Bxd8 48. Rxd8+ Kg7 49. Rb8 Ra5 50. e6 Bg6 51. Nb3 Rh5+ 52. Kg1 Re5 53.
Rxb4 Rxe6 54. Nc5 Re1+ 55. Kh2 Kf6 56. Be4 Be8 57. Bxh7 Re5 58. Nd3 Rh5+ 59.
Rh4 Ra5 60. Kg2 Ra1 61. Kf3 Bb5 62. Ke3 Ra2 63. Be4 Ra1 64. f4 Rg1 65. g4 Kg7
66. g5 Be8 67. Rh7+ Kg8 68. Rc7 Bh5 69. Kd4 Rg3 70. Ne5 Rg1 71. g6 Rd1+ 72. Kc5
Rc1+ 73. Kd6 Rxc7 74. Kxc7 Kg7 75. Kd6 Kf6 76. Nd7+ Kg7 77. f5 Kh6 78. f6 Bxg6
79. Bxg6 Kxg6 80. Ke7 Kf5 81. f7 Ke4 1-0

[Event "70. Bulgaria ch 2006"]
[Site "Svilengrad BUL"]
[Date "2006.03.10"]
[Round "13.5"]
[White "Karakehajov, Kalin"]
[Black "Petkov, Vladimir"]
[Result "0-1"]
[WhiteElo "2429"]
[BlackElo "2512"]
[PlyCount "132"]
[EventDate "2006.02.28"]
[EventType "tourn"]
[EventRounds "13"]
[EventCountry "BUL"]
[EventCategory "8"]
[Source "lmi"]
[SourceDate "2006.03.11"]

1. d4 d6 2. c4 e5 3. Nc3 Nf6 4. dxe5 dxe5 5. Qxd8+ Kxd8 6. Nf3 Nfd7 7. Rg1 c6
8. g4 Kc7 9. g5 a5 10. Bh3 Bb4 11. Bd2 Re8 12. O-O-O Na6 13. Ne4 Ndc5 14. Bxc8
Nxe4 15. Bf5 Nd6 16. Bb1 Nxc4 17. Rg4 Nxd2 18. Nxd2 Bxd2+ 19. Rxd2 Nc5 20. Rh4
h6 21. gxh6 Rh8 22. Rc4 Ne6 23. hxg7 Rxh2 24. Rg4 Rg8 25. Bf5 Nd4 26. Bd3 Rh1+
27. Rd1 Rxd1+ 28. Kxd1 Ne6 29. Bf5 Kd6 30. a4 Ke7 31. Bxe6 Kxe6 32. b4 f5 33.
Rh4 axb4 34. Rxb4 Rxg7 35. a5 Kd6 36. Kd2 Kc7 37. Rh4 Rd7+ 38. Ke3 Rd5 39. Rh7+
Kb8 40. Rh5 f4+ 41. Ke4 Rd2 42. Kf3 e4+ 43. Kxe4 Rxe2+ 44. Kxf4 Rxf2+ 45. Ke3
Ra2 46. Kd3 Ka7 47. Kc3 Ra4 48. Kb3 Rd4 49. Rh8 Ka6 50. Kc3 Rd7 51. Kb4 Ka7 52.
Rc8 Rd4+ 53. Kb3 Rg4 54. Rf8 Ka6 55. Ra8+ Kb5 56. a6 b6 57. a7 Rg7 58. Kc3 c5
59. Kd3 Ka6 60. Kc4 Rxa7 61. Rg8 Rh7 62. Ra8+ Kb7 63. Rg8 Rh4+ 64. Kc3 Kc6 65.
Rg1 Rh3+ 66. Kc2 c4 0-1

[Event "70. Bulgaria ch 2006"]
[Site "Svilengrad BUL"]
[Date "2006.03.10"]
[Round "13.6"]
[White "Radulski, Julian"]
[Black "Galunov, Todor"]
[Result "1/2-1/2"]
[WhiteElo "2515"]
[BlackElo "2286"]
[PlyCount "94"]
[EventDate "2006.02.28"]
[EventType "tourn"]
[EventRounds "13"]
[EventCountry "BUL"]
[EventCategory "8"]
[Source "lmi"]
[SourceDate "2006.03.11"]

1. e4 e5 2. Nf3 Nc6 3. Bb5 Nf6 4. O-O Bc5 5. Nxe5 Nxe4 6. Qe2 Nxe5 7. Qxe4 Qe7
8. Nc3 f5 9. Qa4 Ng4 10. Be2 O-O 11. h3 Nf6 12. d4 Bb6 13. Bg5 c6 14. d5 h6 15.
Bf4 Ne4 16. d6 Nxd6 17. Qa3 Bc7 18. Bc4+ Kh7 19. Rfe1 Qf6 20. Bd3 Nc4 21. Bxc4
Bxf4 22. Rad1 d6 23. Ne2 Be5 24. f4 Bxb2 25. Qb3 d5 26. c3 Bxc3 27. Nxc3 dxc4
28. Qxc4 Rd8 29. Rxd8 Qxd8 30. Kh2 Qf8 31. Na4 Qd8 32. Nc3 Qf8 33. Qd3 b6 34.
Re5 Qf7 35. Ne2 Bd7 36. Qd6 Re8 37. Qc7 Rxe5 38. fxe5 Be6 39. Qxc6 Bxa2 40. Nf4
Qc4 41. Qg6+ Kg8 42. Qxf5 Bb1 43. Qg4 g5 44. g3 Be4 45. Ng2 Qc2 46. Qe6+ Kg7
47. Qe7+ Kg8 1/2-1/2